UBT Library

A+ guide to managing and maintaining your PC / (Record no. 614)

000 -LEADER
fixed length control field 00566nam a22002057a 4500
005 - DATE AND TIME OF LATEST TRANSACTION
control field 20151027120416.0
008 - FIXED-LENGTH DATA ELEMENTS--GENERAL INFORMATION
fixed length control field 150330b xxu||||| |||| 00| 0 eng d
020 ## - INTERNATIONAL STANDARD BOOK NUMBER
International Standard Book Number 1418835579
041 0# - LANGUAGE CODE
Language code of text/sound track or separate title eng
080 ## - UNIVERSAL DECIMAL CLASSIFICATION NUMBER
Universal Decimal Classification number 004
100 ## - Rafti
Rafti Andrews, Jean,
245 ## - TITLE STATEMENT
Title A+ guide to managing and maintaining your PC /
Statement of responsibility, etc Jean Andrews
250 ## -
-- 4th ed
260 ## -
-- Australia;
-- Course Technology,
-- 2003
300 ## -
-- 1093 f. :
-- me il.;
-- 24 cm
650 ## -
-- Kompjuteret
650 ## -
-- Përpunimi i të dhënave elektronike
650 ## -
-- Mikrokompjuterët
942 ## - ADDED ENTRY ELEMENTS (KOHA)
Source of classification or shelving scheme
Item type Books
Holdings
Withdrawn status Lost status Source of classification or shelving scheme Damaged status Not for loan Collection code Permanent location Current location Shelving location Date acquired Total Checkouts Full call number Barcode Date last seen Koha item type
          Koleksioni i përgjithshem UBT - Lipjan UBT - Lipjan Koleksioni i përgjithshem 03/30/2015   004 AND 002-008656 03/30/2015 Books
UBT Library © 2015-2024. All rights reserved University Education for Business and Technology